000 00441nam a22001697a 4500
003 NUST - PNEC
005 20170116180919.0
008 150904b xxu||||| |||| 00| 0 eng d
020 _a-
040 _cLIBRARY
082 _a620.11 RIL
100 _97641
_aRiley, William F.
245 _aIntroduction to the mechanics of materials
_cWilliam F. Riley
260 _cc.1989
650 _97644
_aMechanical engineering
_xME
942 _2ddc
_cBK
999 _c65557
_d65557